000 00385nam a2200157Ia 4500
003 GCL
008 140319s9999 xx 000 0 eng d
040 _aGCL /
_cGCL
082 0 4 _a843
_bR G
100 1 _aRHEIMS, MOURICE
245 1 0 _aLES GRENIERS DE SIENNE /
_cRHEIMS, MOURICE
260 _a[S.N] :
_bFOLIO
650 0 4 _aLITERATURE
650 0 4 _aFRENCH LITERATURE
942 _2ddc
_cBK
999 _c21743
_d21743